| Tag |
First Indicator |
Second Indicator |
Subfields |
| LEADER |
00000nam a2200000 i 4500 |
| 001 |
in00004000621 |
| 005 |
20190307110852.0 |
| 006 |
m o d f |
| 007 |
cr bn||||||||| |
| 008 |
180406s1979 vauab ob f000 0 eng c |
| 019 |
|
|
|a 953209152
|
| 035 |
|
|
|a (OCoLC)on1030773839
|
| 042 |
|
|
|a pcc
|
| 043 |
|
|
|a n-us---
|
| 040 |
|
|
|a OCLCE
|b eng
|e rda
|e pn
|c OCLCE
|d COP
|d OCLCF
|d OCLCQ
|d GPO
|d MvI
|
| 049 |
|
|
|a WWW
|
| 074 |
|
|
|a 0620-A (online)
|
| 086 |
0 |
|
|a I 19.4/2:813
|
| 100 |
1 |
|
|a Bates, Thomas F.,
|e author.
|
| 245 |
1 |
0 |
|a Transferring earth science information to decisionmakers :
|b problems and opportunities as experienced by the U.S. Geological Survey /
|c by Thomas F. Bates.
|
| 264 |
|
1 |
|a [Reston, Virginia] :
|b United States Department of the Interior, Geological Survey,
|c 1979.
|
| 300 |
|
|
|a 1 online resource (v, 30 pages) :
|b illustrations, maps.
|
| 336 |
|
|
|a text
|b txt
|2 rdacontent
|
| 337 |
|
|
|a computer
|b c
|2 rdamedia
|
| 338 |
|
|
|a online resource
|b cr
|2 rdacarrier
|
| 490 |
1 |
|
|a Geological Survey circular ;
|v 813
|
| 588 |
|
|
|a Description based on online resource; title from PDF title page (USGS viewed Dec. 31, 2018).
|
| 504 |
|
|
|a Includes bibliographical references (pages 29-30).
|
| 650 |
|
0 |
|a Science and state
|z United States.
|
| 650 |
|
0 |
|a Earth sciences
|z United States
|x Information services.
|
| 610 |
2 |
0 |
|a Geological Survey (U.S.)
|x Information services.
|
| 610 |
2 |
7 |
|a Geological Survey (U.S.)
|2 fast
|0 (OCoLC)fst00547115
|
| 650 |
|
7 |
|a Earth sciences.
|2 fast
|0 (OCoLC)fst00900729
|
| 650 |
|
7 |
|a Science and state.
|2 fast
|0 (OCoLC)fst01108536
|
| 651 |
|
7 |
|a United States.
|2 fast
|0 (OCoLC)fst01204155
|
| 710 |
2 |
|
|a Geological Survey (U.S.),
|e issuing body.
|
| 776 |
0 |
8 |
|i Print version:
|a Bates, Thomas F.
|t Transferring earth science information to decisionmakers
|w (DLC) 79600138
|w (OCoLC)5687347
|
| 830 |
|
0 |
|a Geological Survey circular ;
|v 813.
|
| 856 |
4 |
0 |
|u https://purl.fdlp.gov/GPO/gpo114156
|t 0
|
| 999 |
f |
f |
|s ee95f7d7-5d7a-3423-bfb7-411fc4a7d9cc
|i eb45f00e-0c51-36bc-a3dd-0e4ac27bfc56
|t 0
|
| 952 |
f |
f |
|a Texas A&M University
|b College Station
|c Electronic Resources
|d Available Online
|t 0
|e I 19.4/2:813
|h Superintendent of Documents classification
|
| 998 |
f |
f |
|a I 19.4/2:813
|t 0
|l Available Online
|